000 00710nam a2200289Ia 4500
005 20260324141639.0
008 008 260324s9999 xx 000 0 eng d
020 _a9780203777558
037 _aEBOOK
040 _aCRL
040 _beng
040 _cCRL
041 _2eng
041 _aeng
084 _qCRL
100 _aAlbert Ellis
_91208971
245 0 _aBetter, Deeper And More Enduring Brief Therapy
245 4 _bThe Rational Emotive Behavior Therapy Approach
260 _bTaylor and Francis
260 _c1996
365 _a
365 _b195
856 _uhttp://www.taylorfrancis.com/books/9780203777558
942 _cEBOOK
999 _c1812296
_d1812296